000 00293nam a2200097 a 4500
005 20201002052535.0
008 150602s2004 000 spa d
245 0 _aNinguna mujer debe morir al dar vida.
260 _as. l. : Fondo de publicación para Mujeres Indigenas,
_cs. f.
999 _c45434
_d45434
040 _aDO-SdBNP